000 00486nam a2200181Ia 4500
005 20250508160725.0
008 008 250505s9999 xx 000 0 eng d
037 _aTextual
040 _aFEDL
_beng
_cFEDL
041 _aeng
_2eng
084 _a378, RUD
_qFEDL
100 _aRudd Ernest
_993840
245 0 _aGraduate study and after
260 _aLondon, UK
_bWeidenfeld and Nicolson
_c1968
300 _a229p.
942 _cTEXL
_h378, RUD
999 _c1366239
_d1366239